McGraw-Hill dictionary of chemistry. (Record no. 2469)

MARC details
000 -LEADER
fixed length control field 01339nac a22003371i 4500
003 - CONTROL NUMBER IDENTIFIER
control field EG-ScBUE
005 - DATE AND TIME OF LATEST TRANSACTION
control field 20250708093300.0
008 - FIXED-LENGTH DATA ELEMENTS--GENERAL INFORMATION
fixed length control field 091014t2003 nyua f d 000 0 eng d
020 ## - INTERNATIONAL STANDARD BOOK NUMBER
International Standard Book Number 0071410465 (acid-free paper)
020 ## - INTERNATIONAL STANDARD BOOK NUMBER
International Standard Book Number 9780071410465
040 ## - CATALOGING SOURCE
Original cataloging agency EG-ScBUE
Language of cataloging eng
Description conventions rda
Transcribing agency EG-ScBUE
Modifying agency EG-ScBUE
082 04 - DEWEY DECIMAL CLASSIFICATION NUMBER
Classification number 540.3
Item number MCG
Edition number 22
245 00 - TITLE STATEMENT
Title McGraw-Hill dictionary of chemistry.
246 30 - VARYING FORM OF TITLE
Title proper/short title Dictionary of chemistry
246 30 - VARYING FORM OF TITLE
Title proper/short title Chemistry
250 ## - EDITION STATEMENT
Edition statement Second edition.
264 #1 - PUBLICATION, DISTRIBUTION, ETC. (IMPRINT)
Place of publication, distribution, etc New York :
Name of publisher, distributor, etc McGraw-Hill,
Date of publication, distribution, etc [2003]
264 #4 - PUBLICATION, DISTRIBUTION, ETC. (IMPRINT)
Date of publication, distribution, etc c2003
300 ## - PHYSICAL DESCRIPTION
Extent x, 431 pages :
Other physical details illustrations ;
Dimensions 22 cm
336 ## - CONTENT TYPE
Source rdacontent
Content type term text
Content type code txt
337 ## - MEDIA TYPE
Media type term unmediated
Source rdamedia
Media type code n
338 ## - CARRIER TYPE
Carrier type term volume
Carrier type code nc
Source rdacarrier
500 ## - GENERAL NOTE
General note "All text in the dictionary was published previously in the McGraw-Hill dictionary of scientific and technical terms, sixth edition, copyright c2003 ... "--T.p. verso.
500 ## - GENERAL NOTE
General note Includes Appendices.<br/>
650 #7 - SUBJECT ADDED ENTRY--TOPICAL TERM
Topical term or geographic name as entry element Chemistry
Form subdivision Dictionaries.
9 (RLIN) 8886
Source of heading or term BUEsh
655 ## - INDEX TERM--GENRE/FORM
Form subdivision Reading book
856 42 - ELECTRONIC LOCATION AND ACCESS
Materials specified Contributor biographical information
Uniform Resource Identifier <a href="http://www.loc.gov/catdir/bios/mh042/2002033183.html">http://www.loc.gov/catdir/bios/mh042/2002033183.html</a>
856 42 - ELECTRONIC LOCATION AND ACCESS
Materials specified Table of contents
Uniform Resource Identifier <a href="http://www.loc.gov/catdir/toc/mh031/2002033183.html">http://www.loc.gov/catdir/toc/mh031/2002033183.html</a>
856 42 - ELECTRONIC LOCATION AND ACCESS
Materials specified Publisher description
Uniform Resource Identifier <a href="http://www.loc.gov/catdir/enhancements/fy0704/2002033183-d.html">http://www.loc.gov/catdir/enhancements/fy0704/2002033183-d.html</a>
942 ## - ADDED ENTRY ELEMENTS (KOHA)
Koha item type NB - Book (Non borrowing)
Source of classification or shelving scheme Dewey Decimal Classification
Holdings
Withdrawn status Lost status Source of classification or shelving scheme Damaged status Not for loan Collection code Home library Current library Shelving location Date acquired Total Checkouts Full call number Barcode Date last seen Cost, replacement price Price effective from Koha item type
    Dewey Decimal Classification     Baccah Central Library Central Library Ground Floor 07/02/2012   540.3 MCG 000002231 15/07/2025 136.20 12/02/2007 Reference (NB)
    Dewey Decimal Classification     Baccah Central Library Central Library Ground Floor 07/02/2012   540.3 MCG 000002027 15/07/2025   12/02/2007 Reference (NB)
    Dewey Decimal Classification     Baccah Central Library Central Library Ground Floor 21/02/2007   540.3 MCG 000001870 15/07/2025   21/02/2007 Reference (NB)